US Presidents - Where They Rest - Statistics

General Stats
  • This quiz has been taken 41 times
  • The average score is 10 of 35
Answers on the Map
Answers color-coded by a green-red scale on the quiz's map according to % correct below.
 
Answer Stats
President City/Town % Correct
Ulysses S. Grant New York
84%
Woodrow Wilson Washington D.C.
76%
James A. Garfield Cleveland
71%
Millard Filmore Buffalo
66%
Benjamin Harrison Indianapolis
61%
Abraham Lincoln Springfield
61%
Andrew Jackson/James K. Polk Nashville
58%
William Howard Taft/John F. Kennedy Arlington
53%
Gerald Ford Grand Rapids
53%
James Monroe/John Tyler Richmond
53%
Zachary Taylor Louisville
47%
Franklin Pierce Concord
34%
Grover Cleveland Princeton
29%
John Adams/John Quincy Adams Quincy
29%
Thomas Jefferson Charlottesville
26%
George Washington {Fairfax} County
21%
Richard Nixon Yorba Linda
21%
Harry S. Truman Independence
16%
George H. W. Bush College Station
13%
Lyndon B. Johnson Stonewall
13%
William McKinley Canton
11%
Franklin D. Roosevelt Hyde Park
11%
James Buchanan Lancaster
11%
James Madison Orange
8%
Dwight D. Eisenhower Abilene
5%
Martin Van Buren Kinderhook
5%
Theodore Roosevelt Oyster Bay
5%
Ronald Reagan Simi Valley
5%
Andrew Johnson Greenville
3%
Warren G. Harding Marion
3%
Herbert Hoover West Branch
3%
Rutherford B. Hayes Fremont
0%
Chester A. Arthur Menands
0%
William Henry Harrison North Bend
0%
Calvin Coolidge Plymouth Notch
0%
No matching quizzes found
Score Distribution
Percent of People with Each Score
Percentile by Number Answered
Your Score History
You have not taken this quiz